000 01055nam a2200301 i 4500
001 000038289
003 DO-SdBNP
005 20260514092816.0
007 ta
008 110331s1986 dr 000 0 spa d
040 _aDO-SdBNP
_bspa
_cBNPHU
_erda
041 _aspa
082 2 _a923.9
_bB171c 1986
_222
100 1 _a Balaguer, Joaquín,
_d1906-2002
_eautor
_4aut.
_976556
245 1 0 _aColón, precursor literario /
_cJoaquín Balaguer.
250 _atercera edición
264 1 _aSanto Domingo :
_bCorripio,
_c1986.
300 _a150 páginas ;
_c22 cm.
336 _atexto
_btxt
_2rdacontent
337 _asin mediación
_bn
_2rdamedia
338 _avolumen
_bnc
_2rdacarrier
500 _aIncluye referencias bibliográficas y notas al pie de las páginas
500 _aIncluye datos biográficos del autor en la solapa
505 _aCristobal Colón 9|El sentimiento de la naturaleza en Colón y en los historiadores de Indias 45|Los dominicos en La Española 69
590 _aInventariado, 2022 / DG
910 _aDG
942 _2ddc
_cLBS1
999 _c52814
_d52814